<?xml version="1.0" encoding="UTF-8"?>
<record
    xmlns:xsi="http://www.w3.org/2001/XMLSchema-instance"
    xsi:schemaLocation="http://www.loc.gov/MARC21/slim http://www.loc.gov/standards/marcxml/schema/MARC21slim.xsd"
    xmlns="http://www.loc.gov/MARC21/slim">

  <leader>01088nam a22002297a 4500</leader>
  <datafield tag="999" ind1=" " ind2=" ">
    <subfield code="c">28970</subfield>
    <subfield code="d">28970</subfield>
  </datafield>
  <controlfield tag="003">OSt</controlfield>
  <controlfield tag="005">20260515120842.0</controlfield>
  <controlfield tag="008">260515b           ||||| |||| 00| 0 eng d</controlfield>
  <datafield tag="020" ind1=" " ind2=" ">
    <subfield code="a">9789951772877</subfield>
  </datafield>
  <datafield tag="040" ind1=" " ind2=" ">
    <subfield code="a">BSHUA</subfield>
    <subfield code="b">Shqip</subfield>
  </datafield>
  <datafield tag="050" ind1=" " ind2=" ">
    <subfield code="b">781.5(496.51)/Per.</subfield>
  </datafield>
  <datafield tag="082" ind1=" " ind2=" ">
    <subfield code="b">781.5(496.51)/Per.</subfield>
  </datafield>
  <datafield tag="100" ind1=" " ind2=" ">
    <subfield code="a">Perkola, (Palokaj) Kristina</subfield>
  </datafield>
  <datafield tag="245" ind1=" " ind2=" ">
    <subfield code="a">Skena Muzikore e Prishtin&#xEB;s - Festivali i par&#xEB; i muzik&#xEB;s klasike n&#xEB; Kosov&#xEB; (1974-1988) : (Jubileu i 50-vjetorit te themelimit)</subfield>
  </datafield>
  <datafield tag="260" ind1=" " ind2=" ">
    <subfield code="a">Prishtine:</subfield>
    <subfield code="b">Jakup Ceraja, </subfield>
    <subfield code="c">2024.</subfield>
  </datafield>
  <datafield tag="300" ind1=" " ind2=" ">
    <subfield code="a">232 f.; me ilustr.</subfield>
    <subfield code="c">24 cm.</subfield>
  </datafield>
  <datafield tag="500" ind1=" " ind2=" ">
    <subfield code="a">Redaktor : Rafet Rudi
Recensent : Rauf Dhomi
Lektor : Alfred Beka
Shtepia Botuese : Jakup Ceraja
Design : Rrezart Fejzullahu
Shtypi : Lena Graphic </subfield>
  </datafield>
  <datafield tag="653" ind1=" " ind2=" ">
    <subfield code="a">Muzika shqiptare - Muzika e Kosoves - Festivalet - Institucionalizimi i artit muzikor - Festivalet muzikore ne Kosove - Skena muzikore e Prishtines - </subfield>
    <subfield code="a">Edicionet e Festivalit 1974-1988 - Veprat e interpretuara - Shkrime dhe analiza muzikore botuar ne Gazeten Rilindja </subfield>
  </datafield>
  <datafield tag="856" ind1=" " ind2=" ">
    <subfield code="y">Fulltext</subfield>
  </datafield>
  <datafield tag="942" ind1=" " ind2=" ">
    <subfield code="2">udc</subfield>
    <subfield code="c">BK</subfield>
  </datafield>
  <datafield tag="953" ind1=" " ind2=" ">
    <subfield code="a">0</subfield>
  </datafield>
  <datafield tag="952" ind1=" " ind2=" ">
    <subfield code="0">0</subfield>
    <subfield code="1">0</subfield>
    <subfield code="2">udc</subfield>
    <subfield code="4">0</subfield>
    <subfield code="7">0</subfield>
    <subfield code="a">UArtLib2</subfield>
    <subfield code="b">UArtLib2</subfield>
    <subfield code="c">GEN</subfield>
    <subfield code="d">2026-05-15</subfield>
    <subfield code="g">1000.00</subfield>
    <subfield code="o">781.5(496.51)/Per.</subfield>
    <subfield code="p">68713</subfield>
    <subfield code="r">2026-05-15</subfield>
    <subfield code="w">2026-05-15</subfield>
    <subfield code="y">BK</subfield>
  </datafield>
  <datafield tag="952" ind1=" " ind2=" ">
    <subfield code="0">0</subfield>
    <subfield code="1">0</subfield>
    <subfield code="2">udc</subfield>
    <subfield code="4">0</subfield>
    <subfield code="7">0</subfield>
    <subfield code="a">UArtLib2</subfield>
    <subfield code="b">UArtLib2</subfield>
    <subfield code="c">GEN</subfield>
    <subfield code="d">2026-05-15</subfield>
    <subfield code="g">1000.00</subfield>
    <subfield code="o">781.5(496.51)/Per.</subfield>
    <subfield code="p">68714</subfield>
    <subfield code="r">2026-05-15</subfield>
    <subfield code="w">2026-05-15</subfield>
    <subfield code="y">BK</subfield>
  </datafield>
</record>
